Electrons in metals : an introduction to modern topics /

Guardat en:
Dades bibliogràfiques
Autor principal: Hurd, C. M. (Colin Michael), 1937-
Format: Llibre
Idioma:English
Publicat: New York : Wiley, [1975]
Matèries:
LEADER 00987nam a2200265 i 4500
001 c000035854
003 CARM
005 00000000000000.0
008 750624s1975 nyua b 00110 eng
019 1 |a 233327  |5 LACONCORD2021 
020 |a 0471422207 
035 |a (OCoLC)1528393  |5 LACONCORD2021 
050 0 0 |a QC176.8.E4  |b H87 
100 1 |a Hurd, C. M.  |q (Colin Michael),  |d 1937- 
245 1 0 |a Electrons in metals :  |b an introduction to modern topics /  |c C. M. Hurd. 
260 |a New York :  |b Wiley,  |c [1975] 
300 |a ix, 331 p. :  |b ill. ;  |c 24 cm. 
500 |a "A Wiley-Interscience publication." 
504 |a Includes bibliographical references and index. 
650 0 |a Free electron theory of metals. 
650 0 |a Metals. 
852 8 |b CARM  |h A2:AE33F0  |i C00150  |p 0008148  |f BK 
082 0 4 |a 530.4/1 
999 f f |i a1e9eaac-2b3b-5311-b94a-40eab3c7b6d4  |s 836872f3-2135-5bcd-8cf0-320cb29a7b6f 
952 f f |p Can circulate  |a CAVAL  |b CAVAL  |c CAVAL  |d CARM 1 Store  |e C00150  |f A2:AE33F0  |h Other scheme  |i book  |m 0008148